| 000 | 01803cam a22003857i 4500 | ||
|---|---|---|---|
| 999 |
_c329595 _d329595 |
||
| 001 | 18155655 | ||
| 003 | NUST | ||
| 005 | 20170613114137.0 | ||
| 008 | 140518s2014 pk 000 1 urd | ||
| 010 | _a 2014311429 | ||
| 020 | _a9789695931073 | ||
| 025 | _aP-U-2014311429; 10 | ||
| 037 |
_bLibrary of Congress -- Islamabad Overseas Office _cRs 900 |
||
| 040 |
_aDLC _beng _cDLC _erda |
||
| 042 | _alcode | ||
| 050 | 0 | 0 | _aMLCSA 2014/00158 (P) |
| 066 |
_c(3 _c(4 |
||
| 082 |
_a891.4393 _bBAI |
||
| 100 | 1 |
_6880-01 _aBaig, Mirza Athar, _eauthor. _9752 |
|
| 245 | 1 | 0 |
_6880-02 _aḤasan kī ṣūrat-i ḥāl : _bk̲h̲ālī ... jaghen̲ ... pur ... karo = Hassan ki soort-e-hal : khali ... jaghein ... pur ... karo / _cMirzā At̤har Beg. |
| 246 | 1 |
_iTitle on title page verso : _aHassan ki soort-e-hal : _bkhali ... jaghein ... pur ... karo |
|
| 250 |
_6880-03 _aIshāʻat-i avval. |
||
| 264 | 1 |
_6880-04 _aLāhore : _bSānjh, _c2014. |
|
| 300 |
_a600 pages ; _c22 cm |
||
| 336 |
_atext _2rdacontent |
||
| 337 |
_aunmediated _2rdamedia |
||
| 338 |
_avolume _2rdacarrier |
||
| 500 | _aNovel. | ||
| 546 | _aIn Urdu. | ||
| 880 | 1 |
_6100-01/(3/r _aبيگ، مرزا اطهر، |
|
| 880 | 1 | 0 |
_6245-02/(3/r _aحسن کى صورت حال : _bخالى ... جگھيں ... پر ... کرو _cمرزا اطهر بيگ. |
| 880 |
_6250-03/(3/r _aاشاعت اوّل. |
||
| 880 | 1 |
_6260-04/(3/r _aلاهور : _bسانجھ، _c2014. |
|
| 906 |
_a7 _bcbc _corigode _d4 _encip _f20 _gy-nonroman |
||
| 942 |
_2ddc _cBK |
||